00950nam a2200265 a 450000100060000000300080000600500170001400800410003103500190007204000270009104100080011808200250012610000460015124500920019724600340028925000120032326000490033530000240038450000200040865000320042870000380046094200130049899900170051195201560052860939BD-RJUL20211209080912.0170104s1938 enkb 001 0 eng d a(BD-RJUL)61063 aDLCcTOLdBD-RJULbeng aeng 223a342.54bEDI 19351 aEddy, J. P.q(John Percy),d1881-918171510aIndia's new constitution :ba survey of the Government of India act, 1935 /cJ.P. Eddy.1 aGovernment of India act, 1935 a2nd ed. aLondon :bMacmillan and Co., limited,c1938. axi, 239 p. c20 cm. aIncludes index. aConstitutionvIndia91817161 aLawton, Frederick Horace.9181717 2ddccAVM c60939d60939 00102ddc40718NFICaRUCLbRUCLcReadingd1961-11-09eAnwar iqbal qureshi karachig6.00l0o342.54 EDI 1935r2017-01-04 00:00:00tC-1w2021-12-09yBK